Quick Pick: Clue(do) Weapons Quiz Stats

 Plays Quiz Updated Feb 8, 2017

Support Sporcle.
Go Orange.
Score 0/6 Timer 00:30
0 Plays Today
% Correct
Candlestick
94.3%
Rope
94%
Revolver
93%
Lead pipe
92.6%
Knife
91.9%
Wrench
86%

Today's Daily Dose

You're not logged in!

Compare scores with friends on all Sporcle quizzes.
OR
Log In
Forgot?

From the Vault

Asian Landlocked Countries

by yaniv93

Someone needs to create a landlocked countries safe cracker.
Remove Ads.
Support Sporcle.
Get the best of Sporcle when you Go Orange. This ad-free experience offers more features, more stats, and more fun while also helping to support Sporcle. Thank you for becoming a member.

Show Comments

Extras

Top Quizzes Today


Score Distribution

Your Account Isn't Verified!

In order to create a playlist on Sporcle, you need to verify the email address you used during registration. Go to your Sporcle Settings to finish the process.

Report this User

Report this user for behavior that violates our Community Guidelines.

Details: